000 00764nam a2200241 a 4500
001 BRL_341
005 20190320210708.0
008 300713s1963----nyua######---#000-0#eng-#
041 _aeng
044 _anyu
050 4 _aNE1205.D8
_bC66 1963
245 1 0 _aThe complete woodcuts of Albrecht Dürer
_cedited by Willi Kurth ; with an introd. by Campbell Dodgson ; [german text translated by Silvia M. Welsh]
260 _aNueva York
_bDover Publications
_c1963
300 _a346 p.
_bil.
_c32 cm.
500 _aAu318
600 1 4 _aDurero, Alberto
_d1471-1528
_910301
650 1 4 _aGrabados
_95058
700 1 _aKurth, Willi
_d1881-
_eed.
_923604
700 1 _aDodgson, Campbell
_912884
700 1 _aWelsh, Silvia M.
_etr.
_923605
902 _aGRL
942 _2lcc
_cB
999 _c9154
_d9154